000 00294nam a22001457a 4500
020 _a978-8170088530
041 _aENG
100 _aPUNMIA.B.C
245 _aSurveying Vol 1
250 _aThirteenth Ed
260 _aDilhi
_bLaxmi Pub
_c1994
300 _a642
650 _aSWCE
856 _uSwCE
999 _c304
_d304